| 000 | 00684nam a22001817a 4500 | ||
|---|---|---|---|
| 003 | CEME | ||
| 005 | 20210628205516.0 | ||
| 008 | 210305b xxu||||| |||| 00| 0 eng d | ||
| 020 | _a0-201-51509-1 | ||
| 040 | _c. | ||
| 082 | _a530.16 COM'Z | ||
| 100 |
_aZurek, Wojciech H _975833 |
||
| 245 | _aComplexity entropy and the physics of information the proceedings of the 1988 workshop on complexity physics of information held may-june 1989 in santa fe, new maxio | ||
| 260 |
_aNEWYORK _bADDISON WESLEY _c1990 |
||
| 300 | _a530P | ||
| 650 |
_aPHYSICAL MEASUREMENTS-CONGRESSES COMPUTATIONAL COMPLEXITY CONGRESSES ENTROPY CONGRESSES QUANTUM THEORY CONGRESSES _975834 |
||
| 942 |
_cBK _2ddc |
||
| 999 |
_c581246 _d581246 |
||